Modern Cities by History (Tile Select) #1 - Statistics

General Stats
  • This quiz has been taken 66 times
  • The average score is 50 of 80
Answer Stats
Question Tile Select % Correct
Cities that have hosted the Summer Olympic Games Jakarta No
98%
Cities that have hosted the Summer Olympic Games Rome Yes
95%
Cities that have hosted the Summer Olympic Games Auckland No
92%
Cities that have hosted the Summer Olympic Games Munich Yes
90%
Cities that have hosted the Summer Olympic Games Shanghai No
90%
Cities that were national capitals in South America in 1830 Belo Horizonte No
88%
Cities that have hosted the Summer Olympic Games Copenhagen No
88%
Cities that were conquered by the Ottoman Empire Mumbai No
88%
Cities that have hosted the Summer Olympic Games Sao Paulo No
86%
Cities that were once, or are located on the site of, a Roman or Byzantine capital Istanbul Yes
85%
Cities that have hosted the Summer Olympic Games New York No
85%
Cities that have hosted the Summer Olympic Games Osaka No
85%
Cities that were once, or are located on the site of, a Roman or Byzantine capital Rome Yes
85%
Cities that were national capitals in South America in 1830 Cayenne No
83%
Cities that were national capitals in South America in 1830 Manaus No
83%
Cities that were conquered by the Ottoman Empire Thessaloniki Yes
83%
Cities that were conquered by the Ottoman Empire Venice No
83%
Cities that were founded after 1800 Tirana No
81%
Cities that were national capitals in South America in 1830 Georgetown No
80%
Cities that were conquered by the Ottoman Empire Granada No
80%
Cities that were conquered by the Ottoman Empire Mecca Yes
80%
Cities that have hosted the Summer Olympic Games Oslo No
80%
Cities that were once, or are located on the site of, a Roman or Byzantine capital Byblos No
78%
Cities that were national capitals in South America in 1830 Buenos Aires Yes
76%
Cities that were founded after 1800 Busan No
76%
Cities that were national capitals in South America in 1830 Paramaribo No
76%
Cities that have hosted the Summer Olympic Games Vienna No
76%
Cities that were founded after 1800 Mogadishu No
75%
Cities that have hosted the Summer Olympic Games Seoul Yes
75%
Cities that have hosted the Summer Olympic Games Montreal Yes
73%
Cities that were national capitals in South America in 1830 Santiago Yes
73%
Cities that were founded after 1800 Bonn No
71%
Cities that were founded after 1800 Brasília Yes
71%
Cities that were national capitals in South America in 1830 Lima Yes
71%
Cities that were once, or are located on the site of, a Roman or Byzantine capital Sofia No
71%
Cities that were once, or are located on the site of, a Roman or Byzantine capital Turin No
71%
Cities that were once, or are located on the site of, a Roman or Byzantine capital Antalya No
69%
Cities that were once, or are located on the site of, a Roman or Byzantine capital Florence No
68%
Cities that were founded after 1800 Recife No
68%
Cities that were conquered by the Ottoman Empire Baku Yes
66%
Cities that have hosted the Summer Olympic Games Helsinki Yes
66%
Cities that have hosted the Summer Olympic Games Madrid No
66%
Cities that were national capitals in South America in 1830 Sao Paulo No
66%
Cities that were national capitals in South America in 1830 Bogotá Yes
64%
Cities that were national capitals in South America in 1830 Rio de Janeiro Yes
64%
Cities that were once, or are located on the site of, a Roman or Byzantine capital Avignon No
63%
Cities that were conquered by the Ottoman Empire Kazan No
63%
Cities that were founded after 1800 Cape Town No
61%
Cities that were founded after 1800 Haifa No
59%
Cities that were once, or are located on the site of, a Roman or Byzantine capital Nicosia No
59%
Cities that were national capitals in South America in 1830 Montevideo Yes
58%
Cities that were conquered by the Ottoman Empire Tashkent No
58%
Cities that were once, or are located on the site of, a Roman or Byzantine capital Izmir No
56%
Cities that were founded after 1800 Nur-Sultan Yes
56%
Cities that were conquered by the Ottoman Empire Aden Yes
53%
Cities that were conquered by the Ottoman Empire Asmara No
53%
Cities that were founded after 1800 St. Louis No
51%
Cities that have hosted the Summer Olympic Games Antwerp Yes
49%
Cities that were founded after 1800 Islamabad Yes
49%
Cities that were conquered by the Ottoman Empire Plovdiv Yes
47%
Cities that were national capitals in South America in 1830 Quito Yes
47%
Cities that were once, or are located on the site of, a Roman or Byzantine capital Tripoli No
47%
Cities that were conquered by the Ottoman Empire Isfahan No
44%
Cities that were once, or are located on the site of, a Roman or Byzantine capital Damascus No
42%
Cities that were national capitals in South America in 1830 La Paz No
41%
Cities that were conquered by the Ottoman Empire Ohrid Yes
41%
Cities that were founded after 1800 Sydney No
39%
Cities that were once, or are located on the site of, a Roman or Byzantine capital Alexandria No
37%
Cities that were conquered by the Ottoman Empire Zagreb No
37%
Cities that were national capitals in South America in 1830 Asunción No
36%
Cities that were national capitals in South America in 1830 Caracas No
36%
Cities that were once, or are located on the site of, a Roman or Byzantine capital Ravenna Yes
36%
Cities that were founded after 1800 Vladivostok Yes
36%
Cities that were once, or are located on the site of, a Roman or Byzantine capital Milan Yes
34%
Cities that were conquered by the Ottoman Empire Kuwait City No
27%
Cities that were conquered by the Ottoman Empire Ardabil Yes
22%
Cities that were founded after 1800 Ashgabat Yes
20%
Cities that were founded after 1800 Budapest Yes
17%
Cities that were once, or are located on the site of, a Roman or Byzantine capital İzmit Yes
17%
Cities that were founded after 1800 Nairobi Yes
15%
No matching quizzes found
Score Distribution
Percent of People with Each Score
Percentile by Number Answered
Your Score History
You have not taken this quiz